00570nam a22001937a 450000500170000000800410001702000300005804000190008804100120010708200180011910000180013724500770015526000390023230000150027150400190028665000320030565000290033785000100036620180728142047.0180728b xxu||||| |||| 00| 0 eng d a9780230396388cRs.1995.00 aLoreto College aEnglish a327.1(I)bPAN aPant,Harsh V. aContemporary debates in Indian security and foreign policycHarsh V.Pant aNew YorkbPalgrave Macmillanc2008 a223pb22cm aIncludes index aDiplomatic relationszIndia aNational securityzIndia aLCLIB